مكتبة جامعة عجلون الوطنية

فهرس بحث المكتبة

Normal view MARC view
  • ليدستون ، جون/ م مشارك : قسم الترجمة بدار الفاروق

Entry Personal Name

Number of records used in: 1

001 - CONTROL NUMBER

  • control field: 32310

003 - CONTROL NUMBER IDENTIFIER

  • control field: JO-AjAnu

005 - DATE AND TIME OF LATEST TRANSACTION

  • control field: 20230606075430.0

008 - FIXED-LENGTH DATA ELEMENTS

  • fixed length control field: 230606|| aca||aabn | a|a d

040 ## - CATALOGING SOURCE

  • Original cataloging agency: JO-AjAnu
  • Transcribing agency: JO-AjAnu

100 ## - HEADING--PERSONAL NAME

  • Personal name: ليدستون ، جون/ م مشارك : قسم الترجمة بدار الفاروق

670 ## - SOURCE DATA FOUND

  • Source citation: Work cat.: (JO-AjAnu)16597: ليدستون ، جون/ م مشارك : قسم الترجمة بدار الفاروق, author, الخطط التسويقية في مجال الصناعات الدوائية=Marketing Planning for the Pharmaceutical Industry